Základné termíny z oblasti identifikačných, klasifikačných a kódových systémov ; Júlia Zdravecká

Bibliographic Details
Format: Book
Language:Slovak
PhysicalDescription:56 s. 20 cm
Published: Bratislava Výsk. výpočtové stredisko 1978
Edition:1. vyd.
Series:Terminologické listy

MARC

LEADER 00000nam a2200000 a 4500
001 vtls001103749
003 SK-MaSNL
005 20260413122845.0
008 250414s1978 xo 0 slo
015 |a SNBA1981/12 
035 |a SNK000046591 
040 |a SNK  |b slo  |c SNK  |e AACR2 
041 0 |a slo 
044 |a xo  |c SK 
080 |a 519.711(038)=854=82=20  |2 1981 
080 |a 681.5.015(038)=854=82=20  |2 1981 
245 0 0 |a Základné termíny z oblasti identifikačných, klasifikačných a kódových systémov ; Júlia Zdravecká 
250 |a 1. vyd. 
260 |a Bratislava  |b Výsk. výpočtové stredisko  |c 1978  |e Bratislava  |f Výsk. výpočtové stredisko 
300 |a 56 s.  |c 20 cm 
366 |e 300 výtl. 
490 0 |a Terminologické listy 
500 |a Č. 9. Abeced. reg. slov., rus. a angl. termínov. Rozmn. 
700 1 |a Zdravecká, Júlia  |4 bkd  |9 377000 
852 |a Slovenská národná knižnica 
954 |a systémy kódové  |a systémy klasifikačné  |a systémy identifikačné  |a slovníky terminologické 
958 |a OND 
958 |a RM 
999 |c 1198469  |d 1200399 
952 |t P60, <04>, [BOOK], {604}  |a SNK  |b SNK  |y VYP  |7 0  |p 17A0268129  |o snkSD 48595 D1  |0 0  |1 0  |4 0  |d 2001-02-27  |l 0  |r 2004-12-31 00:00:00  |w 2026-02-24